Surfacing Sadness (Record no. 1112161)

MARC details
000 -LEADER
fixed length control field 00871nam a2200277Ia 4500
003 - CONTROL NUMBER IDENTIFIER
control field OSt
005 - DATE AND TIME OF LATEST TRANSACTION
control field 20221006160022.0
008 - FIXED-LENGTH DATA ELEMENTS--GENERAL INFORMATION
fixed length control field 221006b |||||||| |||| 00| 0 eng d
020 ## - INTERNATIONAL STANDARD BOOK NUMBER
International Standard Book Number 9781931907095
-- 5.00
037 ## - SOURCE OF ACQUISITION
Terms of availability Textual
040 ## - CATALOGING SOURCE
Original cataloging agency EASL
Transcribing agency EASL
Language of cataloging eng
041 ## - LANGUAGE CODE
Source of code eng
Language code of text/sound track or separate title eng
100 ## - MAIN ENTRY--PERSONAL NAME
Personal name Choi Yearn Hong Ed.
9 (RLIN) 671479
245 #0 - TITLE STATEMENT
Title Surfacing Sadness
Remainder of title Acentennial of Korean-American literature 1903-2003
260 ## - PUBLICATION, DISTRIBUTION, ETC.
Place of publication, distribution, etc. Dumont
Name of publisher, distributor, etc. Homa &Sekey Books
Date of publication, distribution, etc. 2003
300 ## - PHYSICAL DESCRIPTION
Extent 256p.
Dimensions cm.
490 ## - SERIES STATEMENT
Volume/sequential designation KEL
650 ## - SUBJECT ADDED ENTRY--TOPICAL TERM
Topical term or geographic name entry element KEL
700 ## - ADDED ENTRY--PERSONAL NAME
Personal name Kim Haeng ja Ed.
9 (RLIN) 671480
942 ## - ADDED ENTRY ELEMENTS (KOHA)
Classification part O495x:g, P3
Koha item type Textual
Source of classification or shelving scheme Colon Classification (CC)
Holdings
Withdrawn status Lost status Source of classification or shelving scheme Damaged status Not for loan Home library Current library Date acquired Source of acquisition Serial Enumeration / chronology Total Checkouts Full call number Barcode Date last seen Price effective from Koha item type
          Department of East Asian Studies Library Department of East Asian Studies Library 2022-10-06 Gift, Korean Embassy ( Window on Korea) KEL   O495x:g P3 EA1396835 2022-10-06 2022-10-06 Textual
Copyright @ Delhi University Library System